[Event "CYCC U1618 w"]
[Site "Windsor CAN"]
[Date "2010.07.06"]
[Round "1"]
[White "Roussel, Marina"]
[Black "Fang, Tina"]
[Result "0-1"]
[WhiteElo "1332"]
[BlackElo "1612"]
[PlyCount "80"]
[EventDate "2010.07.06"]
[EventType "swiss"]
[EventRounds "7"]
[EventCountry "CAN"]

1. e4 c5 2. Nf3 e6 3. Nc3 Nc6 4. Bc4 a6 5. O-O b5 6. Be2 Be7 7. d3 Nf6 8. Be3
d5 9. exd5 exd5 10. Bg5 O-O 11. a3 Bf5 12. Nh4 Be6 13. h3 Nd4 14. Nf3 Nxe2+ 15.
Qxe2 b4 16. axb4 cxb4 17. Na4 Rc8 18. c3 Re8 19. Rad1 Bd7 20. Qc2 Qa5 21. b3
Bxa4 22. bxa4 Rxc3 23. Qa2 Ra3 24. Qb2 Qxa4 25. Bd2 Rxd3 26. Ne5 Ra3 27. Bc1
Bd6 28. Ng4 Nxg4 29. hxg4 Ra2 30. Qd4 Qb5 31. Bb2 Be5 32. Qxd5 Qxd5 33. Rxd5
Bxb2 34. Rd7 g6 35. Rfd1 Re2 36. Rd8+ Kg7 37. Kf1 Bc3 38. g3 Rxf2+ 39. Kg1 Rg2+
40. Kf1 Raf2# 0-1

[Event "CYCC U1618 w"]
[Site "Windsor CAN"]
[Date "2010.07.06"]
[Round "2"]
[White "Fang, Tina"]
[Black "Botez, Alexandra"]
[Result "0-1"]
[WhiteElo "1612"]
[BlackElo "1963"]
[PlyCount "90"]
[EventDate "2010.07.06"]
[EventType "swiss"]
[EventRounds "7"]
[EventCountry "CAN"]

1. e4 c6 2. d4 g6 3. Nf3 d5 4. e5 Bg4 5. Be2 h5 6. Nc3 Nh6 7. Be3 Nf5 8. Bf4 e6
9. Qd2 Bxf3 10. Bxf3 Qb6 11. Be3 Nd7 12. Be2 Nxe3 13. fxe3 a6 14. O-O-O Bh6 15.
Kb1 O-O-O 16. Rhf1 Rdf8 17. Qd3 c5 18. Na4 Qc7 19. Nxc5 Nxc5 20. dxc5 Qxe5 21.
c6 bxc6 22. Qxa6+ Kd7 23. Rd3 f5 24. g3 Rb8 25. Qa7+ Qc7 26. Qc5 Qb6 27. Qxb6
Rxb6 28. a4 Rhb8 29. b3 c5 30. Rc1 d4 31. a5 Rd6 32. Kb2 Bxe3 33. Ra1 c4 34.
Rdd1 d3 35. Bf3 Bd4+ 36. c3 Rxb3+ 37. Ka2 Bxc3 38. Rab1 Rxb1 39. Kxb1 Bxa5 40.
Kc1 e5 41. h3 e4 42. Bg2 e3 43. Kb2 e2 44. Rc1 e1=Q 45. Rxc4 Rb6+ 0-1

[Event "CYCC U1618 w"]
[Site "Windsor CAN"]
[Date "2010.07.06"]
[Round "2"]
[White "Xiong, Sonja"]
[Black "Campeau, Sarah"]
[Result "1-0"]
[WhiteElo "1893"]
[BlackElo "1109"]
[PlyCount "117"]
[EventDate "2010.07.06"]
[EventType "swiss"]
[EventRounds "7"]
[EventCountry "CAN"]

1. e4 e5 2. Nf3 Nc6 3. Bc4 Nf6 4. d3 g6 5. Nc3 Bg7 6. Be3 d6 7. Ng5 O-O 8. Qd2
h6 9. Nxf7 Rxf7 10. Bxf7+ Kxf7 11. Bxh6 Ng4 12. Bxg7 Kxg7 13. O-O-O Qf6 14.
Rhf1 Be6 15. f4 Rf8 16. g3 Nd4 17. h3 Nh6 18. Qg2 c5 19. fxe5 Qg5+ 20. Kb1 Rf7
21. exd6 Qe3 22. Rxf7+ Nxf7 23. g4 Qf3 24. Qxf3 Nxf3 25. Kc1 Nxd6 26. Rf1 Ne5
27. Na4 b6 28. Nc3 c4 29. d4 Nc6 30. d5 Bd7 31. dxc6 Bxc6 32. e5 Nc8 33. Rf4
Ne7 34. Rxc4 b5 35. Rc5 a6 36. g5 b4 37. Ne2 Bd7 38. Rc7 Kf7 39. Rxd7 Ke6 40.
Ra7 Nd5 41. Rxa6+ Kxe5 42. Rxg6 Kf5 43. Rg8 Ne7 44. Rb8 Nc6 45. Rb6 b3 46. Rxc6
bxa2 47. Ra6 a1=Q+ 48. Rxa1 Kxg5 49. b4 Kf6 50. b5 Ke6 51. b6 Kd7 52. Ra7+ Kc6
53. b7 Kc7 54. h4 Kb8 55. Ra5 Kxb7 56. h5 Kc6 57. h6 Kb6 58. Rg5 Kc6 59. h7 1-0

[Event "CYCC U1618 w"]
[Site "Windsor CAN"]
[Date "2010.07.06"]
[Round "2"]
[White "Yang, Marguerite"]
[Black "Powell, Samantha"]
[Result "0-1"]
[WhiteElo "1540"]
[BlackElo "1666"]
[PlyCount "154"]
[EventDate "2010.07.06"]
[EventType "swiss"]
[EventRounds "7"]
[EventCountry "CAN"]

1. d4 Nf6 2. Nf3 g6 3. Bg5 Bg7 4. Nbd2 O-O 5. e4 d6 6. Bc4 Nbd7 7. O-O h6 8.
Bh4 e5 9. c3 Re8 10. Re1 c6 11. a4 Qc7 12. dxe5 Nxe5 13. Nxe5 Rxe5 14. f4 Rh5
15. Bxf6 Bxf6 16. Re3 Qb6 17. Nf1 Qc5 18. Qb3 d5 19. exd5 cxd5 20. Bxd5 Rxd5
21. Kh1 Qc6 22. Ng3 Be6 23. Qb4 Rad8 24. Rae1 Bh4 25. f5 Bxf5 26. Qxh4 g5 27.
Qh5 Rd2 28. R3e2 Rxe2 29. Qxe2 Bg6 30. Qe7 Rd2 31. Re2 Rd1+ 32. Re1 Rxe1+ 33.
Qxe1 Qxa4 34. h3 Qb3 35. Qd2 Kh7 36. Nf1 Qc2 37. Qxc2 Bxc2 38. Ne3 Be4 39. Kg1
Kg6 40. Kf2 f5 41. Nf1 h5 42. Nd2 Bc6 43. Nc4 Kf6 44. g3 Ke6 45. Ke3 a6 46. b4
Kd5 47. Nd2 Ke5 48. Nc4+ Ke6 49. Kd4 f4 50. gxf4 gxf4 51. Nd2 h4 52. Ne4 Kf5
53. Nd6+ Kg5 54. Ne4+ Kf5 55. Nd6+ Kg6 56. Ne4 f3 57. Nf2 Kf5 58. Ke3 Ke5 59.
c4 b5 60. Nd3+ Kd6 61. Kd4 bxc4 62. Kxc4 Bb5+ 63. Kd4 Bxd3 64. Kxd3 Ke5 65. Ke3
f2 66. Kxf2 Kf4 67. Ke2 Ke4 68. Kd2 Kd4 69. Kc2 Kc4 70. b5 axb5 71. Kb2 Kd4 72.
Kb3 Ke3 73. Kb4 Kf3 74. Kxb5 Kg3 75. Kc4 Kxh3 76. Kd3 Kg2 77. Ke3 h3 0-1

[Event "CYCC U1618 w"]
[Site "Windsor CAN"]
[Date "2010.07.06"]
[Round "2"]
[White "Zhang, Wenyue"]
[Black "Roussel, Marina"]
[Result "1-0"]
[WhiteElo "1322"]
[BlackElo "1332"]
[PlyCount "99"]
[EventDate "2010.07.06"]
[EventType "swiss"]
[EventRounds "7"]
[EventCountry "CAN"]

1. e4 e5 2. Nf3 Nc6 3. Bc4 Na5 4. Bb3 Nxb3 5. axb3 Nf6 6. Nc3 Bc5 7. Nxe5 d6 8.
Nd3 Bd4 9. Ne2 Be5 10. f4 Bxf4 11. Ndxf4 Bg4 12. d3 O-O 13. O-O h6 14. Qe1 g5
15. Nd5 Nxd5 16. exd5 Qe7 17. Nc3 Qxe1 18. Rxe1 c6 19. dxc6 bxc6 20. Be3 c5 21.
d4 cxd4 22. Bxd4 Bf5 23. Ne4 d5 24. Nf6+ Kg7 25. Nd7+ Kg8 26. Nxf8 Kxf8 27. c3
a5 28. b4 Rb8 29. Bc5+ Kg7 30. Rxa5 Bd7 31. Bd4+ Kg6 32. Rxd5 Be6 33. Rde5 Rd8
34. Rf1 f6 35. Rxe6 Rf8 36. Rexf6+ Rxf6 37. Rxf6+ Kh5 38. h3 g4 39. Be3 Kh4 40.
Rxh6+ Kg3 41. Bf2+ Kf4 42. hxg4 Kxg4 43. Rf6 Kg5 44. Rf3 Kg4 45. Kh2 Kg5 46.
Kg3 Kh5 47. Kf4 Kh6 48. Rg3 Kh5 49. Bd4 Kh4 50. Rh3# 1-0

[Event "CYCC U1618 w"]
[Site "Windsor CAN"]
[Date "2010.07.07"]
[Round "3"]
[White "Botez, Alexandra"]
[Black "Xiong, Sonja"]
[Result "1-0"]
[WhiteElo "1963"]
[BlackElo "1893"]
[PlyCount "53"]
[EventDate "2010.07.06"]
[EventType "swiss"]
[EventRounds "7"]
[EventCountry "CAN"]

1. d4 d5 2. c4 c6 3. Nc3 Nf6 4. Nf3 Bg4 5. cxd5 Bxf3 6. gxf3 cxd5 7. Bg5 e6 8.
e4 Be7 9. e5 Nfd7 10. Bxe7 Qxe7 11. Nb5 Qb4+ 12. Qd2 Qxd2+ 13. Kxd2 Kd8 14. Nd6
Ke7 15. Rg1 g6 16. Rc1 Nc6 17. Ke3 f5 18. f4 Rab8 19. Bb5 Nf6 20. f3 Ne8 21.
Bxc6 bxc6 22. Rxc6 Nxd6 23. Rc7+ Ke8 24. exd6 Rd8 25. Rxa7 Rxd6 26. Rc1 h5 27.
Rc8+ 1-0

[Event "CYCC U1618 w"]
[Site "Windsor CAN"]
[Date "2010.07.07"]
[Round "3"]
[White "Campeau, Sarah"]
[Black "Roussel, Marina"]
[Result "0-1"]
[WhiteElo "1109"]
[BlackElo "1332"]
[PlyCount "190"]
[EventDate "2010.07.06"]
[EventType "swiss"]
[EventRounds "7"]
[EventCountry "CAN"]

1. g3 e5 2. e4 Nf6 3. Bg2 Nc6 4. Nc3 Bc5 5. Nf3 O-O 6. O-O d5 7. exd5 Nxd5 8.
a3 Nxc3 9. dxc3 Bf5 10. b4 Be7 11. b5 Qxd1 12. Rxd1 Nd8 13. Nxe5 Bxc2 14. Rd2
Bf5 15. g4 Be6 16. Bd5 Bg5 17. Rd4 Bxc1 18. Rxc1 Bxd5 19. Rxd5 c6 20. Rd6 cxb5
21. Kf1 f6 22. Nf3 Nf7 23. Rd5 a6 24. g5 fxg5 25. Nxg5 Nxg5 26. Rxg5 Rf7 27. c4
bxc4 28. Rxc4 Rf3 29. Rc7 g6 30. Rgc5 Raf8 31. Rxb7 Rxf2+ 32. Kg1 Ra2 33. Ra5
Rc8 34. Rb1 Rc6 35. a4 Kf7 36. Rf1+ Kg7 37. Rf2 Rxf2 38. Kxf2 h5 39. Kg3 Kh6
40. h4 Rf6 41. Rg5 Rf5 42. Rxf5 gxf5 43. Kf4 Kg6 44. Kf3 a5 45. Kg3 Kf6 46. Kf4
Kg6 47. Kf3 Kf6 48. Kf4 Ke6 49. Kg5 Ke5 50. Kxh5 Ke4 51. Kg5 f4 52. Kg4 Ke3 53.
h5 f3 54. Kg3 Ke2 55. h6 f2 56. h7 f1=Q 57. h8=Q Qf3+ 58. Kh2 Kf2 59. Qb2+ Qe2
60. Qf6+ Qf3 61. Qh4+ Ke2 62. Qc4+ Kf2 63. Qg8 Qf4+ 64. Kh3 Qf5+ 65. Qg4 Qxg4+
66. Kxg4 Ke3 67. Kf5 Kd4 68. Ke6 Kc5 69. Ke5 Kb4 70. Kd4 Kxa4 71. Kc4 Ka3 72.
Kc3 a4 73. Kc2 Ka2 74. Kc3 a3 75. Kb4 Kb2 76. Kc4 a2 77. Kd5 a1=Q 78. Ke4 Qa4+
79. Kd5 Kc3 80. Ke5 Qd4+ 81. Kf5 Kd3 82. Kg6 Qd6+ 83. Kf5 Kd4 84. Kg4 Ke3 85.
Kf5 Qd5+ 86. Kg6 Qd6+ 87. Kf5 Qe7 88. Kg4 Qf7 89. Kg5 Ke4 90. Kh4 Kf3 91. Kg5
Ke4 92. Kg4 Qf4+ 93. Kh5 Qf5+ 94. Kh6 Qg4 95. Kh7 Kf5 0-1

[Event "CYCC U1618 w"]
[Site "Windsor CAN"]
[Date "2010.07.07"]
[Round "3"]
[White "Zhang, Wenyue"]
[Black "Lee, Melissa"]
[Result "0-1"]
[WhiteElo "1322"]
[BlackElo "1498"]
[PlyCount "70"]
[EventDate "2010.07.06"]
[EventType "swiss"]
[EventRounds "7"]
[EventCountry "CAN"]

1. e4 c5 2. Nc3 d6 3. g3 Nc6 4. Bg2 Nf6 5. d3 g6 6. f4 Bg7 7. Nf3 a6 8. O-O O-O
9. a4 Nh5 10. Nh4 Bd7 11. Be3 Nd4 12. Rb1 Rb8 13. f5 b5 14. axb5 axb5 15. Qd2
b4 16. Ne2 Nxe2+ 17. Qxe2 e6 18. Qd2 exf5 19. exf5 Qe7 20. fxg6 fxg6 21. b3 Bc3
22. Rxf8+ Rxf8 23. Bg5 Qe6 24. Qd1 Qe8 25. Bd2 Bd4+ 26. Kh1 Bc6 27. Qg4 Bxg2+
28. Nxg2 Rf2 29. Rd1 Nf6 30. Qh3 Qc6 31. Qe6+ Kh8 32. Qh3 Ng4 33. Bf4 Qf3 34.
Rg1 Rf1 35. Be3 Bxe3 0-1

[Event "CYCC U1618 w"]
[Site "Windsor CAN"]
[Date "2010.07.07"]
[Round "4"]
[White "Campeau, Sarah"]
[Black "Powell, Samantha"]
[Result "0-1"]
[WhiteElo "1109"]
[BlackElo "1666"]
[PlyCount "102"]
[EventDate "2010.07.06"]
[EventType "swiss"]
[EventRounds "7"]
[EventCountry "CAN"]

1. g3 e5 2. e4 Nf6 3. Bg2 Nc6 4. d3 Bc5 5. Be3 Bxe3 6. fxe3 O-O 7. Nf3 d6 8.
Nfd2 Ng4 9. Qe2 Nb4 10. c3 Nc2+ 11. Kf1 Nxa1 12. Na3 Qg5 13. Ndc4 a6 14. Bf3 b5
15. h4 Qh6 16. Bxg4 Bxg4 17. Qxg4 bxc4 18. Qg5 Qxg5 19. hxg5 cxd3 20. Ke1 Nc2+
21. Nxc2 dxc2 22. Kd2 f6 23. g6 h6 24. g4 c6 25. Kxc2 d5 26. Kd3 dxe4+ 27. Kxe4
Rab8 28. b4 Rfd8 29. a4 Rd2 30. g5 hxg5 31. Kf5 Rc2 32. Ke6 Rxc3 33. Rd1 Re8+
34. Kd7 Kf8 35. Kc7 Rc4 36. Rd7 Rxb4 37. Rf7+ Kg8 38. Kd7 Reb8 39. Ke7 R4b7+
40. Ke6 Re8+ 41. Kf5 Rxf7 42. gxf7+ Kxf7 43. a5 g6+ 44. Ke4 f5+ 45. Kf3 e4+ 46.
Kg3 f4+ 47. Kg4 fxe3 48. Kg3 g4 49. Kg2 g3 50. Kxg3 Ke6 51. Kg2 Rf8 0-1

[Event "CYCC U1618 w"]
[Site "Windsor CAN"]
[Date "2010.07.07"]
[Round "4"]
[White "Fang, Tina"]
[Black "Zhang, Wenyue"]
[Result "1-0"]
[WhiteElo "1636"]
[BlackElo "1322"]
[PlyCount "153"]
[EventDate "2010.07.06"]
[EventType "swiss"]
[EventRounds "7"]
[EventCountry "CAN"]

1. e4 c5 2. Nc3 Nc6 3. f4 g6 4. Nf3 Bg7 5. Bc4 e6 6. d3 Nge7 7. O-O d5 8. Bb3
O-O 9. Qe1 dxe4 10. dxe4 Nd4 11. Be3 Nec6 12. Rd1 Qc7 13. Qh4 Qd8 14. Qf2 Qe7
15. e5 b6 16. Nxd4 Nxd4 17. Bxd4 cxd4 18. Qxd4 Bb7 19. Nb5 Ba6 20. Bc4 Bxb5 21.
Bxb5 Rfd8 22. Qa4 Qc5+ 23. Kh1 a5 24. Qc4 Bf8 25. Rd3 Rac8 26. Qxc5 Bxc5 27.
Rfd1 Be7 28. c3 Kg7 29. Rd7 h5 30. g3 Rxd7 31. Rxd7 Bc5 32. a3 Rb8 33. Bc4 Kf8
34. b4 axb4 35. axb4 Be7 36. Rc7 Bd8 37. Rc6 Ke7 38. Bb5 Ra8 39. Rd6 Ra7 40. c4
Rb7 41. Kg2 f6 42. h4 fxe5 43. fxe5 Rb8 44. Rd7+ Kf8 45. Kf3 Be7 46. Kf4 Bxb4
47. Kg5 Be1 48. Kxg6 Bxg3 49. Kf6 Bxh4+ 50. Kxe6 Bg3 51. Rh7 Kg8 52. Rxh5 Rb7
53. Kd6 Rg7 54. Kc6 Bf2 55. e6 Bc5 56. Kd5 Kf8 57. Bd7 Ke7 58. Kc6 Be3 59. Rd5
Rg8 60. Rb5 Rg4 61. Rb4 Rh4 62. Kd5 Rh5+ 63. Kc6 Rc5+ 64. Kb7 Rg5 65. Rxb6 Bxb6
66. Kxb6 Rg8 67. c5 Rb8+ 68. Ka7 Rd8 69. c6 Kd6 70. Kb7 Rh8 71. c7 Rh2 72. c8=Q
Rb2+ 73. Ka6 Ra2+ 74. Kb6 Rb2+ 75. Bb5 Rb1 76. Qd7+ Ke5 77. e7 1-0

[Event "CYCC U1618 w"]
[Site "Windsor CAN"]
[Date "2010.07.07"]
[Round "4"]
[White "Lee, Melissa"]
[Black "Botez, Alexandra"]
[Result "1/2-1/2"]
[WhiteElo "1498"]
[BlackElo "1963"]
[PlyCount "70"]
[EventDate "2010.07.06"]
[EventType "swiss"]
[EventRounds "7"]
[EventCountry "CAN"]

1. e4 c6 2. d3 d5 3. Nd2 e5 4. Ngf3 Bd6 5. g3 Nf6 6. Bg2 O-O 7. O-O Bg4 8. h3
Bxf3 9. Bxf3 d4 10. c3 c5 11. Nc4 b5 12. Nxd6 Qxd6 13. cxd4 cxd4 14. Bd2 Nbd7
15. a3 Nc5 16. Bb4 a5 17. Bxc5 Qxc5 18. Bg2 Nd7 19. Qd2 a4 20. Rac1 Qb6 21. Qb4
Rac8 22. Rxc8 Rxc8 23. f4 f6 24. h4 Qc5 25. Bh3 Qxb4 26. axb4 Rc7 27. Bxd7 Rxd7
28. Rc1 Ra7 29. Rc5 a3 30. bxa3 Rxa3 31. Rxb5 Rxd3 32. Kf2 Re3 33. fxe5 Rxe4
34. exf6 gxf6 35. Rd5 d3 1/2-1/2

[Event "CYCC U1618 w"]
[Site "Windsor CAN"]
[Date "2010.07.07"]
[Round "4"]
[White "Xiong, Sonja"]
[Black "Yang, Marguerite"]
[Result "1-0"]
[WhiteElo "1893"]
[BlackElo "1540"]
[PlyCount "57"]
[EventDate "2010.07.06"]
[EventType "swiss"]
[EventRounds "7"]
[EventCountry "CAN"]

1. e4 c5 2. Nf3 d6 3. d4 cxd4 4. Nxd4 Nf6 5. Nc3 g6 6. Be3 Bg7 7. f3 Nc6 8. Qd2
O-O 9. O-O-O Bd7 10. h4 Re8 11. g4 Ne5 12. h5 Qa5 13. Nb3 Qb4 14. a3 Nxf3 15.
Qg2 Qxc3 16. bxc3 Bxg4 17. Be2 Ne5 18. hxg6 fxg6 19. Bg5 Be6 20. Bxf6 exf6 21.
Qh2 Kf7 22. Rxd6 Rac8 23. Nd4 Bd7 24. Qf4 Kg8 25. Rxd7 Nxd7 26. Bb5 Re7 27. Qd6
Rxe4 28. Qd5+ Kh8 29. Bxd7 1-0

[Event "CYCC U1618 w"]
[Site "Windsor CAN"]
[Date "2010.07.08"]
[Round "5"]
[White "Botez, Alexandra"]
[Black "Powell, Samantha"]
[Result "1-0"]
[WhiteElo "1963"]
[BlackElo "1666"]
[PlyCount "79"]
[EventDate "2010.07.06"]
[EventType "swiss"]
[EventRounds "7"]
[EventCountry "CAN"]

1. d4 Nf6 2. c4 g6 3. Nc3 Bg7 4. e4 d6 5. f3 O-O 6. Be3 Nc6 7. d5 Ne5 8. h3 c6
9. f4 Ned7 10. Be2 cxd5 11. cxd5 Nb6 12. Nf3 e6 13. dxe6 Bxe6 14. Nd4 Bc4 15.
Bf3 Rb8 16. b3 Be6 17. Rc1 Re8 18. Qd2 a6 19. O-O Re7 20. Rfd1 Bd7 21. Nde2 Ne8
22. Kh1 Bc6 23. Nd4 Rc8 24. Nxc6 bxc6 25. e5 Rd7 26. Bg4 f5 27. exf6 Nxf6 28.
Bxd7 Nfxd7 29. Qxd6 Bxc3 30. Qe6+ Kh8 31. Rxc3 Qf8 32. Bd4+ Nf6 33. Bxf6+ Qxf6
34. Qxf6+ Kg8 35. Rxc6 Rf8 36. Rd8 Rxd8 37. Qxd8+ Kg7 38. Rc7+ Nd7 39. Rxd7+
Kh6 40. Qg5# 1-0

[Event "CYCC U1618 w"]
[Site "Windsor CAN"]
[Date "2010.07.08"]
[Round "5"]
[White "Fang, Tina"]
[Black "Lee, Melissa"]
[Result "1-0"]
[WhiteElo "1612"]
[BlackElo "1498"]
[PlyCount "53"]
[EventDate "2010.07.06"]
[EventType "swiss"]
[EventRounds "7"]
[EventCountry "CAN"]

1. e4 c5 2. Nc3 d6 3. f4 Nc6 4. Nf3 Nf6 5. Bc4 Na5 6. Bb5+ Bd7 7. Bxd7+ Qxd7 8.
O-O g6 9. d3 Bg7 10. Qe1 O-O 11. f5 Nc6 12. Qh4 e6 13. Bh6 exf5 14. Ng5 Ne7 15.
g4 Kh8 16. Rf3 Bxh6 17. Qxh6 Neg8 18. Qh4 Kg7 19. exf5 h6 20. Nge4 Nxe4 21.
Nxe4 Qc6 22. Qg3 Rad8 23. Qf4 d5 24. f6+ Kh7 25. Ng5+ Kh8 26. Rh3 Qxf6 27.
Rxh6+ 1-0

[Event "CYCC U1618 w"]
[Site "Windsor CAN"]
[Date "2010.07.08"]
[Round "5"]
[White "Roussel, Marina"]
[Black "Xiong, Sonja"]
[Result "0-1"]
[WhiteElo "1332"]
[BlackElo "1893"]
[PlyCount "78"]
[EventDate "2010.07.06"]
[EventType "swiss"]
[EventRounds "7"]
[EventCountry "CAN"]

1. e4 c5 2. Nf3 Nc6 3. Nc3 d6 4. Bc4 Nf6 5. Ng5 e6 6. O-O Be7 7. Nf3 O-O 8. d4
cxd4 9. Nxd4 e5 10. Nxc6 bxc6 11. Bg5 Be6 12. Bxe6 fxe6 13. f3 Qb6+ 14. Kh1
Qxb2 15. Na4 Qa3 16. c3 d5 17. exd5 exd5 18. f4 Ne4 19. fxe5 Bxg5 20. Qb3 Qxb3
21. axb3 Nf2+ 22. Kg1 Be3 23. Rae1 Nh3+ 24. Kh1 Rxf1+ 25. Rxf1 Nf2+ 26. Kg1 Rf8
27. h3 Nd3+ 28. Kh2 Rxf1 29. Kg3 Bf4+ 30. Kg4 Nxe5+ 31. Kf5 g6+ 32. Kf6 Bg3+
33. Ke6 Kg7 34. Nc5 Rf6+ 35. Ke7 Bh4 36. Nd7 Rf7+ 37. Kd6 Nxd7 38. Ke6 Bg3 39.
c4 Nf8# 0-1

[Event "CYCC U1618 w"]
[Site "Windsor CAN"]
[Date "2010.07.08"]
[Round "5"]
[White "Yang, Marguerite"]
[Black "Campeau, Sarah"]
[Result "1-0"]
[WhiteElo "1540"]
[BlackElo "1109"]
[PlyCount "99"]
[EventDate "2010.07.06"]
[EventType "swiss"]
[EventRounds "7"]
[EventCountry "CAN"]

1. d4 e6 2. Nf3 g6 3. Bg5 Nf6 4. Bxf6 Qxf6 5. e4 Qe7 6. Bd3 Bg7 7. O-O O-O 8.
c3 c6 9. Re1 b5 10. Nbd2 Ba6 11. Qe2 c5 12. Bxb5 Bxb5 13. Qxb5 cxd4 14. Nxd4
Bxd4 15. cxd4 Nc6 16. Nf3 Qb4 17. Qd3 Rfe8 18. a3 Qb6 19. Rec1 Rac8 20. Rc2 a6
21. Rac1 Qb5 22. Qxb5 axb5 23. Ne5 Rcd8 24. Nf3 e5 25. d5 Nd4 26. Nxd4 exd4 27.
f3 d3 28. Rd2 Rc8 29. Rc3 Rxc3 30. bxc3 f5 31. exf5 Re1+ 32. Kf2 Re2+ 33. Rxe2
dxe2 34. Kxe2 gxf5 35. Kd3 d6 36. c4 bxc4+ 37. Kxc4 Kf7 38. Kb5 Ke7 39. Kc6 h5
40. Kc7 f4 41. a4 h4 42. a5 Ke8 43. a6 h3 44. gxh3 Ke7 45. a7 Ke8 46. a8=Q+ Ke7
47. Qd8+ Kf7 48. Kxd6 Kg6 49. Ke6 Kh5 50. Kf5 1-0

[Event "CYCC U1618 w"]
[Site "Windsor CAN"]
[Date "2010.07.08"]
[Round "6"]
[White "Lee, Melissa"]
[Black "Campeau, Sarah"]
[Result "1-0"]
[WhiteElo "1498"]
[BlackElo "1109"]
[PlyCount "89"]
[EventDate "2010.07.06"]
[EventType "swiss"]
[EventRounds "7"]
[EventCountry "CAN"]

1. e4 e5 2. Nf3 d6 3. Bc4 Nf6 4. O-O g6 5. c3 Bg7 6. Re1 O-O 7. d4 d5 8. exd5
Nxd5 9. Nxe5 Be6 10. Nd2 Nd7 11. Ndf3 c6 12. h3 b5 13. Nxc6 Qc7 14. Bxd5 Bxd5
15. Ne7+ Kh8 16. Nxd5 Qd6 17. Qb3 Nb6 18. Nxb6 Qxb6 19. Bf4 Rad8 20. Be5 f6 21.
Bg3 a5 22. Qe6 Qxe6 23. Rxe6 Kg8 24. Rae1 Kf7 25. Re7+ Kg8 26. Ra7 a4 27. Ree7
Bh6 28. Rxh7 g5 29. Rxh6 Rf7 30. Rh8+ Kg7 31. Rxf7+ Kxh8 32. Rxf6 Kg7 33. Be5
Kh7 34. Nxg5+ Kg8 35. h4 b4 36. cxb4 a3 37. bxa3 Kg7 38. Rd6+ Kf8 39. Rxd8+ Ke7
40. Rd6 Kf8 41. b5 Ke7 42. b6 Kf8 43. b7 Ke8 44. b8=Q+ Ke7 45. Qc7+ 1-0

[Event "CYCC U1618 w"]
[Site "Windsor CAN"]
[Date "2010.07.08"]
[Round "6"]
[White "Xiong, Sonja"]
[Black "Fang, Tina"]
[Result "1-0"]
[WhiteElo "1893"]
[BlackElo "1612"]
[PlyCount "75"]
[EventDate "2010.07.06"]
[EventType "swiss"]
[EventRounds "7"]
[EventCountry "CAN"]

1. e4 c5 2. Nf3 e6 3. d4 cxd4 4. Nxd4 Nf6 5. Nc3 d6 6. Bb5+ Bd7 7. Bg5 a6 8.
Bxd7+ Nbxd7 9. O-O Be7 10. Re1 Qc7 11. Be3 Ne5 12. f4 Nc4 13. Bc1 b5 14. b3 Na5
15. Bb2 b4 16. Na4 Nb7 17. Qf3 O-O 18. Kh1 Nc5 19. Nxc5 dxc5 20. Ne2 Rfd8 21.
Ng3 Rd2 22. Bxf6 Bxf6 23. e5 Rad8 24. exf6 Rxc2 25. Ne4 c4 26. fxg7 Qe7 27.
bxc4 Rxc4 28. Qh5 Kxg7 29. Re3 f6 30. Rg3+ Kh8 31. Nf2 Rxf4 32. Ng4 Rd5 33. Nh6
Rg5 34. Nf7+ Kg7 35. Nxg5 fxg5 36. Rxg5+ Kf8 37. Qh6+ Ke8 38. Rg8+ 1-0

[Event "CYCC U1618 w"]
[Site "Windsor CAN"]
[Date "2010.07.08"]
[Round "6"]
[White "Yang, Marguerite"]
[Black "Roussel, Marina"]
[Result "1-0"]
[WhiteElo "1540"]
[BlackElo "1332"]
[PlyCount "75"]
[EventDate "2010.07.06"]
[EventType "swiss"]
[EventRounds "7"]
[EventCountry "CAN"]

1. d4 d5 2. Nf3 Nc6 3. Bg5 Nf6 4. Nbd2 Bf5 5. e3 e6 6. Bd3 Bb4 7. O-O O-O 8.
Ne5 h6 9. Bh4 g5 10. Bg3 Nxe5 11. dxe5 Ng4 12. h3 Bxd3 13. cxd3 h5 14. hxg4 h4
15. Bh2 c6 16. a3 Bxd2 17. Qxd2 Qb6 18. e4 dxe4 19. Qxg5+ Kh7 20. Qxh4+ Kg6 21.
dxe4 Qd8 22. Qg3 Rh8 23. f4 Qd4+ 24. Qf2 Qxe4 25. Rae1 Qd3 26. f5+ exf5 27.
gxf5+ Kg7 28. e6 fxe6 29. Be5+ Kh7 30. Qh4+ Kg8 31. Qxh8+ Kf7 32. fxe6+ Kxe6
33. Qf6+ Kd7 34. Rd1 Qxd1 35. Rxd1+ Ke8 36. Bd6 Kd7 37. Qe7+ Kc8 38. Qe8# 1-0

[Event "CYCC U1618 w"]
[Site "Windsor CAN"]
[Date "2010.07.08"]
[Round "6"]
[White "Zhang, Wenyue"]
[Black "Botez, Alexandra"]
[Result "1/2-1/2"]
[WhiteElo "1322"]
[BlackElo "1963"]
[PlyCount "88"]
[EventDate "2010.07.06"]
[EventType "swiss"]
[EventRounds "7"]
[EventCountry "CAN"]

1. e4 c6 2. d4 g6 3. Nc3 d5 4. e5 f6 5. f4 Bg7 6. Nge2 Bg4 7. h3 Bxe2 8. Bxe2
f5 9. g4 e6 10. Be3 Ne7 11. Na4 Nd7 12. Qd2 b5 13. Nc5 Nxc5 14. dxc5 a5 15. Bf3
Qc7 16. g5 h6 17. h4 hxg5 18. hxg5 Rxh1+ 19. Bxh1 Kf7 20. Bf3 a4 21. c3 Rh8 22.
O-O-O Qd8 23. Qg2 Nc8 24. a3 Rh7 25. Rh1 Rxh1+ 26. Qxh1 Kg8 27. Bd4 Bf8 28. Qg1
Qc7 29. Qe1 Qa7 30. Qg1 Be7 31. Qf2 Bf8 32. Qg1 Qa6 33. Be2 Qa7 34. Bf3 Qa6 35.
Be2 Na7 36. Qg2 Qb7 37. Bf3 Qe7 38. Qg1 Nc8 39. Kc2 Qa7 40. Bg2 Qh7 41. Qh1 Qb7
42. Qg1 Na7 43. Qd1 Qh7 44. Qh1 Qb7 1/2-1/2

[Event "CYCC U1618 w"]
[Site "Windsor CAN"]
[Date "2010.07.09"]
[Round "7"]
[White "Campeau, Sarah"]
[Black "Yang, Marguerite"]
[Result "0-1"]
[WhiteElo "1109"]
[BlackElo "1540"]
[PlyCount "100"]
[EventDate "2010.07.06"]
[EventType "swiss"]
[EventRounds "7"]
[EventCountry "CAN"]

1. g3 Nf6 2. Bg2 g6 3. Nf3 Bg7 4. O-O O-O 5. e3 d6 6. d4 Nbd7 7. Nc3 e5 8. dxe5
dxe5 9. e4 c6 10. Be3 Qe7 11. Qd2 Rd8 12. Rad1 b6 13. a3 Ba6 14. Rfe1 Nc5 15.
Bxc5 Qxc5 16. Qe3 Nd7 17. Qxc5 Nxc5 18. Re3 Ne6 19. b4 Nd4 20. Rc1 Bh6 21. Nxe5
Bxe3 22. fxe3 Nb5 23. Nb1 Bb7 24. c4 Nd6 25. Ng4 c5 26. b5 Bxe4 27. Nf6+ Kg7
28. Bxe4 Nxe4 29. Nxe4 Re8 30. Nbc3 f5 31. Ng5 Rxe3 32. Nd5 Re2 33. Kf1 Rxh2
34. Ne6+ Kg8 35. Ne7+ Kf7 36. Nc7 Rh1+ 37. Kf2 Rxc1 38. Nxa8 Kxe7 39. Nc7 Rxc4
40. Nd5+ Kd6 41. Ne3 Rc3 42. g4 Rxe3 43. Kxe3 fxg4 44. Kf4 h5 45. Kg3 c4 46.
Kh4 c3 47. Kg5 c2 48. a4 c1=Q+ 49. Kh4 Ke5 50. Kg3 Qf4+ 0-1

[Event "CYCC U1618 w"]
[Site "Windsor CAN"]
[Date "2010.07.09"]
[Round "7"]
[White "Powell, Samantha"]
[Black "Lee, Melissa"]
[Result "1/2-1/2"]
[WhiteElo "1666"]
[BlackElo "1498"]
[PlyCount "79"]
[EventDate "2010.07.06"]
[EventType "swiss"]
[EventRounds "7"]
[EventCountry "CAN"]

1. e4 c5 2. Nf3 d6 3. d4 cxd4 4. Nxd4 Nf6 5. Nc3 Nc6 6. Bg5 g6 7. f4 Bg7 8.
Nxc6 bxc6 9. Qd2 O-O 10. h3 Rb8 11. Rb1 h6 12. Bh4 Bb7 13. Be2 Qc7 14. O-O c5
15. Bf3 Rbd8 16. Nd5 Bxd5 17. exd5 Rb8 18. c3 e6 19. Rfd1 exd5 20. Bxd5 Nxd5
21. Qxd5 Rfe8 22. Qxd6 Qxd6 23. Rxd6 Bxc3 24. b3 Re2 25. Bf2 Bd4 26. Bxd4 cxd4
27. Rxd4 Rxa2 28. Rdd1 Rb4 29. Ra1 Rb2 30. Rxa7 R2xb3 31. Rf1 Rb2 32. Ra3 Rd4
33. Rg3 Kh7 34. Rgf3 Rdd2 35. R3f2 Rxf2 36. Rxf2 Rxf2 37. Kxf2 Kg7 38. Ke3 f5
39. h4 Kf6 40. Kf3 1/2-1/2

[Event "CYCC U1618 w"]
[Site "Windsor CAN"]
[Date "2010.07.09"]
[Round "7"]
[White "Roussel, Marina"]
[Black "Botez, Alexandra"]
[Result "0-1"]
[WhiteElo "1332"]
[BlackElo "1963"]
[PlyCount "50"]
[EventDate "2010.07.06"]
[EventType "swiss"]
[EventRounds "7"]
[EventCountry "CAN"]

1. d4 Nf6 2. Nf3 g6 3. Nc3 Bg7 4. Bf4 d6 5. g3 O-O 6. Bg2 c6 7. O-O Bf5 8. Na4
b5 9. Nc3 Qc8 10. Qd2 Bh3 11. Bxh3 Qxh3 12. Ng5 Qd7 13. Nge4 Re8 14. Rfe1 a5
15. Nxf6+ Bxf6 16. a3 Qh3 17. Ne4 Nd7 18. Ng5 Bxg5 19. Bxg5 f6 20. Be3 e5 21.
dxe5 Nxe5 22. Qxd6 Re6 23. Qd2 Ng4 24. b4 Qxh2+ 25. Kf1 Qh1# 0-1